| 000 | 00898nam a22002417a 4500 | ||
|---|---|---|---|
| 001 | 41463 | ||
| 003 | BD-RjUL | ||
| 005 | 20211209053407.0 | ||
| 008 | 160531s1992 ii ||||| |||| 00| 0 ben d | ||
| 020 | _c: IRs 50.00 | ||
| 035 | _a(BD-RjUL)41581 | ||
| 040 |
_aBD-RjUL _bben _cBD-RjUL |
||
| 041 | _aben | ||
| 082 |
_223 _a891.442 _bPAB 1992 |
||
| 100 |
_aপাল, সুব্রতকুমার _9127447 |
||
| 245 | 1 | 0 |
_aবাংলা ও হিন্দী পৌরাণিক নাটক / _cসুব্রতকুমার পাল |
| 260 |
_aকলিকাতা : _bপুস্তক বিপণি, _c১৯৯২ |
||
| 300 |
_a[১২], ১৩১ পৃ. ; _c২১ সেমি. |
||
| 504 | _aগ্রন্থপঞ্জি সম্বলিত | ||
| 650 |
_aবাংলা নাটক _9127448 |
||
| 650 |
_aBengali Drama _9127449 |
||
| 942 |
_2ddc _cBK |
||
| 999 |
_c41463 _d41463 |
||